ბათუმის შოთა რუსთაველის სახელმწიფო უნივერსიტეტის ბიბლიოთეკა

Справочник монтажника. (ბიბ.ჩანაწერი № 50749)

000 -LEADER
fixed length control field 00540nam a2200193Ia 4500
001 - CONTROL NUMBER
control field 17701
003 - CONTROL NUMBER IDENTIFIER
control field GE_BSU
008 - FIXED-LENGTH DATA ELEMENTS--GENERAL INFORMATION
fixed length control field 181216s||||||||xx |||||||||||||| ||und||
040 ## - CATALOGING SOURCE
Transcribing agency GE_BSU
080 ## - UNIVERSAL DECIMAL CLASSIFICATION NUMBER
Universal Decimal Classification number 621.643(035)
100 ## - MAIN ENTRY--PERSONAL NAME
Personal name Васильев,В.П. Малинский,М.И. Нефедова,Н.Ф. и др.
245 ## - TITLE STATEMENT
Title Справочник монтажника.
260 ## - PUBLICATION, DISTRIBUTION, ETC.
Place of publication, distribution, etc. М.
260 ## - PUBLICATION, DISTRIBUTION, ETC.
Name of publisher, distributor, etc. Недра.
260 ## - PUBLICATION, DISTRIBUTION, ETC.
Date of publication, distribution, etc. 1975.
300 ## - PHYSICAL DESCRIPTION
Extent 224 стр. 25 см.
653 ## - INDEX TERM--UNCONTROLLED
Uncontrolled term Справочник монтажника.
942 ## - ADDED ENTRY ELEMENTS (KOHA)
Koha item type წიგნი
ეგზემპლარები
Withdrawn status Lost status Damaged status Not for loan Date acquired Barcode Date last seen Price effective from Koha item type
        2018-12-17 9798 2018-12-17 2018-12-17 წიგნი